000
00338nam a2200145Ia 4500
003
OSt
005
20231120093153.0
008
170524s9999 xx 000 0 und d
020
_a
9788120301795
040
_c
IIMT UNIVERSITY
100
_a
YAMANE- TARO
245
0
_a
MATHEMATICS FOR ECONOMICS
260
_b
PHI NEW DELHI
942
_2
ddc
_c
02
999
_c
8435
_d
8435